A modern introduction to Islam (Record no. 113)

MARC details
000 -LEADER
fixed length control field 00408nam a2200169Ia 4500
008 - FIXED-LENGTH DATA ELEMENTS--GENERAL INFORMATION
fixed length control field 240428s9999||||xx |||||||||||||| ||und||
020 ## - INTERNATIONAL STANDARD BOOK NUMBER
International Standard Book Number 978314846X
041 ## - LANGUAGE CODE
Language code of text/sound track or separate title fre
100 ## - MAIN ENTRY--PERSONAL NAME
Personal name Shittu, Abdur-Raheem Adebayo,
245 #2 - TITLE STATEMENT
Title A modern introduction to Islam
250 ## - EDITION STATEMENT
Edition statement 2nd ed.
260 ## - PUBLICATION, DISTRIBUTION, ETC.
Name of publisher, distributor, etc. al Furqaan Pub.
Place of publication, distribution, etc. Shaki, Nigeria
Date of publication, distribution, etc. 1992
300 ## - PHYSICAL DESCRIPTION
Extent 297 S C1
650 ## - SUBJECT ADDED ENTRY--TOPICAL TERM
Topical term or geographic name entry element Islam
942 ## - ADDED ENTRY ELEMENTS (KOHA)
Koha item type Books
Holdings
Withdrawn status Lost status Damaged status Not for loan Home library Current library Shelving location Date acquired Total checkouts Full call number Date last seen Copy number Price effective from Koha item type
        Main Library Main Library Open Shelves 30/07/2021   297 S 1187 C1 29/04/2024 1 29/04/2024 Books
©2026  Parliament of Ghana Library - All rights reserved